Применение нейросетевых адаптивных критиков для идентификации параметров теплообменной системы горячего водоснабжения; Нейроинформатика, ее приложения и анализ данных

Chi tiết về thư mục
Parent link:Нейроинформатика, ее приложения и анализ данных.— 2013.— С. 83-89
Tác giả chính: Калиновский И. А. Илья Андреевич
Tác giả của công ty: Национальный исследовательский Томский политехнический университет (ТПУ) Энергетический институт (ЭНИН) Кафедра электропривода и электрооборудования (ЭПЭО)
Tác giả khác: Шилин А. А. Александр Анатольевич, Букреев В. Г. Виктор Григорьевич
Tóm tắt:В фонде НТБ ТПУ отсутствует
Ngôn ngữ:Tiếng Nga
Được phát hành: 2013
Những chủ đề:
Định dạng: MixedMaterials Chương của sách
KOHA link:https://koha.lib.tpu.ru/cgi-bin/koha/opac-detail.pl?biblionumber=602325

MARC

LEADER 00000naa0a2200000 4500
001 602325
005 20250909172309.0
035 |a (RuTPU)RU\TPU\tpu\27987 
090 |a 602325 
100 |a 20151112d2013 k y0rusy50 ca 
101 0 |a rus 
102 |a RU 
200 1 |a Применение нейросетевых адаптивных критиков для идентификации параметров теплообменной системы горячего водоснабжения  |f И. А. Калиновский, А. А. Шилин, В. Г. Букреев 
333 |a В фонде НТБ ТПУ отсутствует 
463 1 |t Нейроинформатика, ее приложения и анализ данных  |o материалы XXI Всероссийского семинара, Красноярск, 27-29 сентября 2013 г.  |f Российская Федерация, Министерство образования и науки [и др.] ; под ред. А. Н. Горбаня  |v С. 83-89  |d 2013 
610 1 |a труды учёных ТПУ 
700 1 |a Калиновский  |b И. А.  |g Илья Андреевич 
701 1 |a Шилин  |b А. А.  |c специалист в области электротехники  |c профессор Томского политехнического университета, доктор технических наук  |f 1972-  |g Александр Анатольевич  |3 (RuTPU)RU\TPU\pers\30479  |9 14803 
701 1 |a Букреев  |b В. Г.  |c специалист в области электротехники  |c профессор Томского политехнического университета, доктор технических наук  |f 1952-  |g Виктор Григорьевич  |3 (RuTPU)RU\TPU\pers\26527  |9 12221 
712 0 2 |a Национальный исследовательский Томский политехнический университет (ТПУ)  |b Энергетический институт (ЭНИН)  |b Кафедра электропривода и электрооборудования (ЭПЭО)  |3 (RuTPU)RU\TPU\col\18674 
801 1 |a RU  |b 63413507  |c 20151112 
942 |c BK